| 000 | 00544cam a22002052a 4500 | ||
|---|---|---|---|
| 001 | 025370 | ||
| 003 | AR-FADEU | ||
| 008 | 311216n1981####xxu####################dd | ||
| 092 |
_a323.44 _bB918 _eJLS |
||
| 100 | _aBuchanan, James M. | ||
| 245 | _aLos límites de la libertad : entre la anarquía y leviatán | ||
| 260 | _aPuebla | ||
| 260 | _bPremia | ||
| 260 | _c1981 | ||
| 300 | _a243 p | ||
| 440 |
_aLa red de jonás _n4 |
||
| 500 | _aIncluye bibliografía | ||
| 650 | _aLIBERTAD INDIVIDUAL; ESTADO Y LIBERTAD/JLS/ | ||
| 942 | _cJLS | ||
| 999 |
_c31056 _d31056 |
||